00597 2200217 4500001002100000005001500021035002000036007000300056008004100059020001800100082001000118084001600128100002700144245011100171250001000282260003300292300002500325650001000350990000900360990001000369INLIS00000000000032420170920012630 a0010-0917000310ta170920 f 0 ind  a979-99920-0-1 a297.4 a297.4 SA' h0 aSa'id bin Shabir Abduh1 aHukum Mengkafirkan dan Membid'ahkan :bTerjemah dari Kitab Muzilul Ibas /cPenerjemah, M. Nurkholis Ridwan acet.1 aJakarta :bGriya Ilmu,c2005 a364hlm ;c15 x 24 cm aFiqih a4853 a4853a